LEADER 01097nam a22002771i 4500 001 991001209679707536 005 20031023152701.0 008 040407s1958 it a||||||||||||||||ita 035 $ab12735541-39ule_inst 035 $aARCHE-071518$9ExL 040 $aDip.to Scienze Storiche$bita$cA.t.i. Arché s.c.r.l. Pandora Sicilia s.r.l. 082 04$a726.5094 100 1 $aMatt, Leonard :$cvon$0190785 245 13$aLa basilica di S. Pietro /$cLeonard von Matt ; testo di Valerio Mariani 260 $aGenova :$bStringa,$cstampa 1958 300 $aLXIII p. :$bin gran parte ill. ;$c28 cm 440 0$aRoma di Leonard von Matt 500 $aFoto di Leonard von Matt 651 4$aRoma$zCittą del Vaticano$xChiese$xBasilica di S. Pietro 700 1 $aMariani, Valerio 907 $a.b12735541$b02-04-14$c16-04-04 912 $a991001209679707536 945 $aLE009 LA I A 9 (Fondo Bottari) $g1$i2009000226982$lle009$o-$pE0.00$q-$rn$so $t0$u0$v0$w0$x0$y.i13270539$z16-04-04 996 $aBasilica di S. Pietro$9268662 997 $aUNISALENTO 998 $ale009$b16-04-04$cm$da $e-$fita$git $h3$i1 LEADER 02682nam 22005652 450 001 9910959609703321 005 20190329120122.0 010 $a9781496398062 010 $a1496398068 035 $a(CKB)4100000008278097 035 $a(MiAaPQ)EBC6269406 035 $a(DNLM)101744342 035 $a(DLC) 2019013827 035 $a(DLC)9781496398055 035 $a(BIP)76940101 035 $a(BIP)65633185 035 $a(EXLCZ)994100000008278097 100 $a20190325h20202020 uy 0 101 0 $aeng 135 $aurcnu|||||||| 181 $ctxt$2rdacontent 182 $cc$2rdamedia 183 $acr$2rdacarrier 200 10$aClinical handbook of psychiatry & the law /$fThomas G. Gutheil, Paul S. Appelbaum 205 $aFifth edition. 210 1$aPhiladelphia :$cWolters Kluwer,$d[2020] 210 4$d©2020 215 $a1 online resource (xiv, 335 pages) 300 $aIncludes index. 300 $aPaul S. Appelbaum's name appears first on previous edition. 311 08$a9781496398055 311 08$a149639805X 320 $aIncludes bibliographical references and index. 327 $aConfidentiality and privilege -- Legal issues in emergency psychiatry and involuntary commitment -- Legal issues in inpatient psychiatry -- Malpractice and other forms of liability -- Competence and substitute decision-making -- Forensic evaluations -- Clinicians and lawyers -- The clinician in court. 330 $aWritten by two renowned leaders in the field, the much-anticipated fifth edition of Clinical Handbook of Psychiatry and the Law offers mental health professionals authoritative guidance on how today's law affects clinical practice. Each chapter in this award-winning reference presents case examples of legal issues often seen in day-to-day practice; clearly explains the governing legal rules, their rationale, and their clinical impact; and offers concrete action guides to navigating clinicolegal dilemmas. It's a must-have resource for anyone in the mental health field who needs an easy-to-read, practical handbook addressing both longstanding legal/ethical issues and crucial recent developments in the field. 517 1 $aClinical handbook of psychiatry and the law 517 1 $aPsychiatry and the law 606 $aForensic Psychiatry 606 $aForensic psychiatry 615 12$aForensic Psychiatry 615 0$aForensic psychiatry. 676 $a614/.15 700 $aAppelbaum$b Paul S.$0891799 702 $aGutheil$b Thomas G. 801 0$bDNLM/DLC 801 1$bDLC 906 $aBOOK 912 $a9910959609703321 996 $aClinical handbook of psychiatry & the law$94472319 997 $aUNINA